Macroeconomics : (Record no. 1667)

MARC details
000 -LEADER
fixed length control field 01324nam a2200205Ia 4500
020 ## - INTERNATIONAL STANDARD BOOK NUMBER
ISBN 0070468192 (pbk.)
022 ## - INTERNATIONAL STANDARD SERIAL NUMBER
ISSN 9780070468191
050 ## - CALL NUMBER
Classification number 172
Item number .M3925
100 1# - AUTHOR
Personal name McConnnell, Campbell R.
110 ## - AUTHOR
CORPORATE AUTHOR Stanley L. Brue.
245 10 - TITLE
Title Macroeconomics :
Remainder of title principles, problems, and policies /
Statement of responsibility, etc Campbell R. McConnell, Stanley L. Brue.
250 ## - EDITION
Edition statement 13th ed.
260 ## - PUBLICATION INFORMATION
Place of publication New York :
Name of publisher McGraw-Hill,
Year of publication 1996.
300 ## - DESCRIPTION
Number of Pages xxiv, various pagings :
Other physical details ill.
500 ## - NOTES
General note Includes bibliographies and index.
505 ## - FORMATTED CONTENTS NOTE
Table of Content Part 1 An introduction to economics and the economy: the nature and method of economics; the economizing problem; understanding individual markets - demand and supply; pure capitalism and the market system; the mixed economy - private and public sectors; the United States in the global economy. Part 2 National income, employment and fiscal policy: measuring domestic output, national income and the price level; macroeconomic instability - unemployment and inflation; building the aggregate expenditures model; aggregate expenditures - the multiplier, net exports and government; aggregate demand and aggregate supply; fiscal policy. Part 3 Money, banking and monetary policy: money and banking; how banks create money.
650 #0 - SUBJECTS
Topical Term Macroeconomics.
700 1# - OTHER AUTHORS
Personal name Brue, Stanley L.,
942 ## - ADDED ENTRY ELEMENTS (KOHA)
Koha item type Books
Holdings
Withdrawn status Lost status Home library Current library Shelving location Date acquired Full call number Accession Number Copy number Koha item type Collection code
    Methodist University Library Main Methodist University Library Main General Stacks   172 .M3925 11241 1 Books  
    Methodist University Library Main Methodist University Library Main General Stacks   172 .M3925 11242 3 Books  
    Methodist University Library Main Methodist University Library Main General Stacks   172 .M3925 11238 4 Books  
    Methodist University Library Main Methodist University Library Main General Stacks   172 .M3925 11235 5 Books  
    Methodist University Library Main Methodist University Library Main General Stacks   172 .M3925 11232 6 Books  
    Methodist University Library Main Methodist University Library Main General Stacks   172 .M3925 11237 7 Books  
    Methodist University Library Main Methodist University Library Main General Stacks   172 .M3925 17644 8 Books  
    Methodist University Library Main Methodist University Library Main General Stacks   172 .M3925 11240 9 Books  
    Methodist University Library Main Methodist University Library Main General Stacks   172 .M3925 11239 10 Books Reference
    Methodist University Library Main Methodist University Library Main General Stacks   172 .M3925 11230 11 Books Reference
    Methodist University Library Main Methodist University Library Main General Stacks   172 .M3925 11231 12 Books Reference
    Methodist University Library Main Methodist University Library Main General Stacks   172 .M3925 11236 13 Books  
Copyright © 2026  MUG Library